| 000 | 01919nam a2200325 i 4500 | ||
|---|---|---|---|
| 001 | 000020757 | ||
| 003 | DO-SdBNP | ||
| 005 | 20260515191621.0 | ||
| 007 | ta | ||
| 008 | 100813n201? dr gr 001 0dspa d | ||
| 040 |
_aDO-SdBNP _bspa _cBNPHU _erda |
||
| 041 | _aspa | ||
| 082 | 4 |
_a972.9304092 _bM385a _223 |
|
| 100 | 1 |
_aMartínez, Mamerto _943515 _4aut. _eautor |
|
| 245 | 1 | 0 |
_a"Andando por la verdad, se llega a la libertad" : _bJuan Pablo Duarte, en el mundo espiritual / _cMamerto Martínez |
| 260 |
_aSanto Domingo : _bMedina & Asociado, _c[2015] |
||
| 300 |
_a173 páginas ; _c24 cm |
||
| 336 |
_atexto _btxt _2rdacontent |
||
| 337 |
_asin mediación _bn _2rdamedia |
||
| 338 |
_avolumen _bnc _2rdacarrier |
||
| 500 | _aIncluye datos biográficos del autor en la contracubierta. | ||
| 505 | _aPrefacio -- Introducción -- La biblia en nuestra bandera-- Juan Pablo Duarte , un elegido para la historia -- En la Ruta hacia la libertad -- Y se encontro con el Dios de la biblia -- Viajando atravéz de la biblia -- Entre vientos huracanados -- Ovejas y lobos -- Con Dios en el corazón y con la biblia en la mano -- Tomemos el camino de la verdad. | ||
| 520 | _aEn el transcurso de esta obra el autor nos lleva de la mano por caminos no conocidos ni planteados por historidadores sobre los verdaderos origenes de la gesta independentista dominicana; la fe en el Dios todopoderoso del gestor del proyecto (Duarte), y el plan de Dios de implantar Quisqueya un altar que contrarrestara las fuerzas demoníacas traídas de las tierras africanas y que aún hoy ejercen fuertes influencias. | ||
| 590 | _aInventariado 2023 / MF | ||
| 600 | 1 | 0 |
_aDuarte, Juan Pablo, _d1813-1876 _91494 _xPensamiento religioso |
| 650 | 7 |
_aIdentidad nacional _2Lemb _92163 _xAspectos religiosos _zRepública Dominicana |
|
| 651 |
_aRepública Dominicana _xHistoria _vAspectos religiosos _989612 |
||
| 910 | _aMFeliz | ||
| 942 |
_2ddc _cLBS1 |
||
| 999 |
_c20261 _d20261 |
||